Holiday Quiz

Random Holiday or Clickable Quiz

Holiday Alphabet Soup Quiz Stats

 Plays Quiz Updated Dec 25, 2013

Support Sporcle.
Go Orange.
Score 0/60 Timer 03:00
0 Plays Today
% Correct
???
95.2%
???
85.2%
???
83.9%
???
83.5%
???
82.8%
???
82.4%
???
78.7%
???
78.2%
???
78.2%
???
78%
???
78%
???
78%
???
77.3%
???
68.6%
???
67.8%
???
67.3%
???
66.5%
???
60.2%
???
59.2%
???
59%
???
59%
???
58.7%
???
58.4%
???
57.9%
???
56.8%
???
56.6%
???
56.4%
???
56.2%
???
55.2%
???
55%
% Correct
???
54%
???
53.9%
???
53.2%
???
53.2%
???
51.6%
???
51.6%
???
51.4%
???
51%
???
51%
???
49.8%
???
49.8%
???
48.6%
???
48%
???
47.6%
???
45.6%
???
44.7%
???
44.5%
???
44%
???
43.9%
???
42.8%
???
42.7%
???
42.3%
???
42.2%
???
42.2%
???
39.2%
???
38.2%
???
38.2%
???
38%
???
36.9%
???
22.2%

You're not logged in!

Compare scores with friends on all Sporcle quizzes.
OR
Log In

From the Vault

Guess the Movie in 3 Words II

by MSUKent

Imagine if this is how movies were pitched in Hollywood.
Remove Ads.
Support Sporcle.
Get the best of Sporcle when you Go Orange. This ad-free experience offers more features, more stats, and more fun while also helping to support Sporcle. Thank you for becoming a member.

Show Comments

Extras

Top Quizzes Today


Score Distribution

Your Account Isn't Verified!

In order to create a playlist on Sporcle, you need to verify the email address you used during registration. Go to your Sporcle Settings to finish the process.

Report this User

Report this user for behavior that violates our Community Guidelines.

Details: